Tốc độ hội tụ trong một số định lý giới hạn trung tâm theo trung bình của dãy biến ngẫu nhiên Martingle

Trình bày một số kiến thức cơ sở. Trình bày các kết quả chính của đề tài: xấp xỉ phân phối chuẩn đối với tổng dãy biến ngẫu nhiên hiệu martingale

Tallennettuna:
Bibliografiset tiedot
Päätekijä: Lê Thị Thúy Quỳnh
Muut tekijät: Lê Văn Dũng TS. (Hướng dẫn)
Aineistotyyppi: Kirja
Kieli:Vietnamese
Julkaistu: Đà Nẵng Đại học Đà Nẵng 2015
Aiheet:
Tagit: Lisää tagi
Ei tageja, Lisää ensimmäinen tagi!
Thư viện lưu trữ: Mạng thư viện Đại học Đà Nẵng
LEADER 01719nam a2200349 4500
001 000023318
003 19769
005 20151202091211.0
008 150921s2015 viesd
041 |a vie 
082 1 4 |a 519.236  |b LÊ-Q 
100 1 |a Lê Thị Thúy Quỳnh 
245 1 |a Tốc độ hội tụ trong một số định lý giới hạn trung tâm theo trung bình của dãy biến ngẫu nhiên Martingle  |c Lê Thị Thúy Quỳnh ; Lê Văn Dũng hướng dẫn.  |k Luận văn Thạc sĩ 
260 |a Đà Nẵng  |b Đại học Đà Nẵng  |c 2015 
300 |a 42 tr., phụ lục 3 tr.  |c 29 cm.  |e Tóm tắt 
500 |a Luận văn thạc sĩ Khoa học. Chuyên ngành: Phương pháp toán sơ cấp. Mã số: 60.46.01.13 
520 3 |a Trình bày một số kiến thức cơ sở. Trình bày các kết quả chính của đề tài: xấp xỉ phân phối chuẩn đối với tổng dãy biến ngẫu nhiên hiệu martingale 
650 0 4 |a Xác suất thống kê (toán học)  |v Luận văn tốt nghiệp  |x Nghiên cứu 
653 |a Xác suất thống kê 
653 |a Phương pháp toán sơ cấp 
653 |a Dãy biến ngẫu nhiên Martingale 
700 1 |a Lê Văn Dũng  |c TS.  |e Hướng dẫn 
OWN |a LSP 
AVA |a UDN50  |b LSP  |d 519.236 LÊ-Q  |e available  |t Error 5001 Not defined in file expand_doc_bib_avail.  |f 1  |g 0  |h N  |i 0  |k 1 
999 |a From the UDN01 
AVA |a UDN50  |b LSP  |d 519.236 LÊ-Q  |e available  |t Error 5001 Not defined in file expand_doc_bib_avail.  |f 1  |g 0  |h N  |i 0  |k 1 
TYP |a Monograph 
TYP |a Printed language 
980 |a Mạng thư viện Đại học Đà Nẵng